| 000 | 00739cab a2200241 4500 | ||
|---|---|---|---|
| 001 | WB3431-21 | ||
| 008 | 090401t1998 xxu||||| |||| 00| 0 eng d | ||
| 035 | _a(Sirsi) u88006 | ||
| 041 | _aeng | ||
| 245 | _aHome loans hits four-year peak | ||
| 260 | _c1998 | ||
| 350 | _a0 | ||
| 490 |
_aDaily Telegraph _v14 August 1998, 27 |
||
| 490 |
_aYorkshire Post _v14 August 1998, 11(1) |
||
| 520 | _aMortgage lending rose by 18 per cent in the year to July 1998, the highest for four years. But homeowners are continuing to lose confidence in the market. | ||
| 650 | _aCONFIDENCE | ||
| 650 | _aHOMEOWNERS | ||
| 650 | _aHOUSING MARKET | ||
| 650 | _aMORTGAGE LENDING | ||
| 690 | _aHOUSING-FINANCE | ||
| 942 | _n0 | ||
| 948 | _c14/08/1998 | ||
| 999 |
_c55564 _d55564 |
||